Global Development Finance: The Development Potential of Surging Capital Flows (Record no. 5166)

MARC details
005 - DATE AND TIME OF LATEST TRANSACTION
control field 20250626053308.0
020 ## - INTERNATIONAL STANDARD BOOK NUMBER
International Standard Book Number 9780821359914
082 ## - DEWEY DECIMAL CLASSIFICATION NUMBER
Classification number 332.042 WOR
111 ## - MAIN ENTRY--MEETING NAME
Meeting name or jurisdiction name as entry element WORLD BANK
245 ## - TITLE STATEMENT
Title Global Development Finance: The Development Potential of Surging Capital Flows
260 ## - PUBLICATION, DISTRIBUTION, ETC.
Place of publication, distribution, etc. Washington
Name of publisher, distributor, etc. WORLD BANK
Date of publication, distribution, etc. 2006
300 ## - PHYSICAL DESCRIPTION
Extent xxxviii,434p.:ill.table
Dimensions 27cm.
942 ## - ADDED ENTRY ELEMENTS (KOHA)
Source of classification or shelving scheme Dewey Decimal Classification
Koha item type Books
Holdings
Date last seen Total checkouts Full call number Barcode Cost, replacement price Price effective from Koha item type Lost status Source of classification or shelving scheme Damaged status Not for loan Withdrawn status Home library Current library Shelving location Date acquired Cost, normal purchase price
06/26/2025   332.042 WOR DOM0001083 165000.00 06/26/2025 Books   Dewey Decimal Classification       CBE Dodoma CBE Dodoma General Collection 02/17/2008 55000.00
06/26/2025   332.042 WOR DOM0001061 165000.00 06/26/2025 Books   Dewey Decimal Classification       CBE Dodoma CBE Dodoma General Collection 02/17/2008 55000.00
06/26/2025   332.042 WOR DOM000604 165000.00 06/26/2025 Books   Dewey Decimal Classification       CBE Dodoma CBE Dodoma General Collection 02/17/2008 55000.00